00793nam a2200205 a 450000100100000000500170001000800410002702000180006804000250008608200180011110000220012924501700015126000380032130000210035950000590038050400310043965000450047065000430051570000290055800003559120200930074445.0111103s2011 dr 001 0 spa d a9789945879810 aDO-SdBNPbspacBNPHU a618.19bP121s1 aPacsi, Alsacia L.10aSus voces :bun estudio de las experiencias vividas por mujeres dominicanas con cáncer de mama en estado avanzado /cAlsacia L.Pacsi ; traductor Carlos Almánzar. aSanto Domingo :bNomara,c[2011]. a137 p. ;c22 cm. aIncluye datos biográficos de la autora en la solapa. aBibliografía: p.125-137. 4aEnfermedades de la mamaxInvestigaciones 4aNeoplasmas de la mamaxInvestigaciones12aAlmánzar, Carlos,etr.